000 00637nam a2200229Ia 4500
003 OSt
005 20220918202522.0
006 a|||||r|||| 00| 0
007 ta
008 220917b |||||||| |||| 00| 0 eng d
024 _a101,847
037 _cTextual
040 _aARTS
_cARTS
_beng
041 _2eng
_aeng
082 _aV218.J38<-H20, K4.1
100 _aSinha S K
_9104151
245 0 _aMedieval history of the Deccan ed by Abdul Waheed Khan
260 _aHyderabad
_bGovt of Andra Pradesh
_c1964
650 _aHISTORY
942 _hV218.J38<-H20, K4.1
_cTEXL
_2CC
999 _c225307
_d225307